Stations de la ligne 15 du métro parisien sur le plan - Statistiques

Statistiques générales
  • Ce quiz a été pris 307 fois
    291 depuis la dernière actualisation
  • Le résultat moyen est 20 sur 36
Réponses sur la Carte
Les réponses sont colorées sur une échelle allant du rouge au vert en fonction du pourcentage des utilisateurs qui les ont devinées à leur premier essai. Vous pouvez retrouver ces pourcentages ci-dessous.
 
Statistiques - réponses
Réponse % Correct
La Défense
85%
Pont de Sèvres
76%
Saint-Denis – Pleyel
76%
Mairie d'Aubervilliers
73%
Bagneux – Lucie Aubrac
70%
Châtillon – Montrouge
70%
Nanterre – La Folie
69%
Noisy - Champs
69%
Rosny-Bois-Perrier
69%
Val de Fontenay
69%
Villejuif – Louis Aragon
69%
Bobigny – Pablo Picasso
68%
Créteil L'Échat
64%
Issy
64%
Villejuif – Gustave Roussy
63%
Arcueil – Cachan
60%
Clamart
59%
Fort d'Aubervilliers
58%
Saint-Cloud
58%
Saint-Maur – Créteil
56%
Bondy
55%
Les Agnettes
53%
Le Vert de Maisons
53%
Les Ardoines
51%
Les Grésillons
47%
Champigny Centre
44%
Nanterre – La Boule
44%
Bécon-les-Bruyères
43%
Bois-Colombes
41%
Stade de France
41%
Nogent - Le Perreux
39%
Pont de Bondy
39%
Mairie de Vitry
34%
Drancy – Bobigny
25%
Rueil – Suresnes - Mont-Valérien
23%
Villiers - Champigny - Bry
21%
Aucun quiz correspondant
Distribution des résultats
% des personnes avec chaque résultat
Percentile par nombre de réponses
Votre historique - résultats
Vous n’avez pas pris ce quiz depuis la dernière actualisation